Ejercicios de álgebra /
Guardado en:
| Autor Principal: | |
|---|---|
| Formato: | Libro |
| Publicado: |
Madrid :
Aguilar,
1968
|
| Materias: | |
| Etiquetas: |
Agregar Etiqueta
Sin Etiquetas, Sea el primero en etiquetar este registro!
|
| LEADER | 00557nam a22002175a 4500 | ||
|---|---|---|---|
| 001 | CEM.cems005472 | ||
| 005 | 20060221000000.0 | ||
| 008 | 130507s1968##################000#0#####d | ||
| 003 | CEMS | ||
| 082 | 0 | 4 | |a 512 |
| 100 | 1 | |a Rivaud, J. | |
| 245 | 1 | 0 | |a Ejercicios de álgebra / |
| 260 | |a Madrid : |b Aguilar, |c 1968 | ||
| 300 | |a 474 p. | ||
| 505 | 0 | |a lidiano de n dimensiones | |
| 653 | |a Algebra | ||
| 653 | |a Determinantes | ||
| 653 | |a Matematica | ||
| 653 | |a Matrices | ||
| 653 | |a Numeros complejos | ||
| 859 | |a CEMS |b BIB. CEMS - 11 de abril |h 512 |i R523 |p 3232.74 |t Ej.1 | ||
